000 00390nam a2200133Ia 4500
008 100328s9999 xx 000 0 und d
082 _b17595
100 _aरंजीत कर्नल
245 _aमौत की छाया
260 _bशिक्षा भारती
630 _aमौत की छाया
730 _aमौत की छाया
942 _cBOOK
999 _c512149
_d512146